Statistics for QPR Squad 2022/23

Click here to take the quiz!

General Stats

  • This quiz has been taken 35 times
  • The average score is 17 of 30

Answer Stats

HintAnswer% Correct
MIDIlias Chair
100%
FWDLyndon Dykes
100%
MIDChris Willock
96%
DEFOsman Kakay
96%
GKSeny Dieng
96%
DEFKenneth Paal
83%
DEFRob Dickie
83%
GKJordan Archer
78%
MIDSam Field
78%
DEFEthan Laird
70%
DEFJimmy Dunne
70%
DEFJake Clarke-Salter
61%
GKMurphy Mahoney
61%
GKJoe Walsh
57%
MIDStefan Johansen
52%
FWDTyler Roberts
52%
MIDTaylor Richards
48%
DEFAaron drewe
43%
MIDAndre Dozzell
43%
DEFLeon Balogun
43%
MIDTim Iroegbunam
39%
MIDAlbert Adomah
35%
MIDLuke Amos
35%
MIDGeorge Thomas
22%
DEFJoe Gubbins
22%
FWDMacauley Bonne
22%
DEFNiko Hamalainen
22%
DEFConor Masterson
17%
FWDSinclair Armstrong
17%
MIDMide Shodipo
13%

Score Distribution

Percentile by Number Answered

Percent of People with Each Score

Your Score History

You have not taken this quiz